[Event "AUTO-OPEN-804"]
[Site "http://www.queenalice.com/game.php?id=261626"]
[Date "2007.8.26"]
[Round "1"]
[White "Viuva_Negra"]
[Black "Capivara"]
[Result "0-1"]
[WhiteElo "1681"]
[BlackElo "1921"]

1. e4 e5 2. d4 exd4 3. Qxd4 Nc6 4. Qe3 Nf6 5. h3 b6 6. a3 Bc5 7. Qf3 Nd4 8. Qd3
Bb7 9. Nc3 a5 10. Be3 Ba6 11. Qd2 Bxf1 12. Kxf1 Ne6 13. Bxc5 Nxc5 14. e5 Nfe4
15. Nxe4 Nxe4 16. Qf4 Nc5 17. Nf3 O-O 18. Ke2 d5 19. Rhe1 Ne6 20. Qf5 c5 21. Kf1
b5 22. Rad1 g6 23. Qd3 d4 24. Re4 Qd7 25. Qd2 f6 26. exf6 Rxf6 27. Rh4 Qe7 28.
Ng5 Nxg5 29. Re1 Re6 30. Rxe6 Nxe6 31. Re4 Ra6 32. c3 Rd6 33. cxd4 Rxd4 34. Rxd4
Nxd4 35. Qxa5 Qe2+ 36. Kg1 Qxb2 37. Qd8+ Kf7 38. Qd5+ Kf6 39. Qxc5 Ne2+ 40. Kh2
Qe5+ 41. Qxe5+ Kxe5 42. g3 Nd4 43. Kg2 Nc2 44. Kf3 Nxa3 45. g4 b4 46. h4 b3 47.
g5 b2 48. Kg4 b1=Q 49. f4+ Ke4 50. h5 Qg1+ 51. Kh4 Kxf4 52. hxg6 Qh2# 0-1

[Event "AUTO-OPEN-804"]
[Site "http://www.queenalice.com/game.php?id=261627"]
[Date "2007.8.26"]
[Round "1"]
[White "Capivara"]
[Black "Viuva_Negra"]
[Result "1-0"]
[WhiteElo "1605"]
[BlackElo "1500"]

1. e4 e5 2. Nf3 Nc6 3. Bc4 d5 4. exd5 e4 5. dxc6 exf3 6. Qxf3 Nf6 7. cxb7 Bxb7
8. Qxb7 Bd6 9. Bb5+ Ke7 10. Nc3 Re8 11. Bxe8 Qxe8 12. O-O Kf8 13. d4 a5 14. Bg5
Rb8 15. Qf3 Be7 16. Rfe1 Rxb2 17. Bxf6 1-0

[Event "Challenge"]
[Site "http://www.queenalice.com/game.php?id=261810"]
[Date "2007.8.26"]
[Round "-"]
[White "Arildocamargo"]
[Black "Viuva_Negra"]
[Result "1-0"]
[WhiteElo "1510"]
[BlackElo "1605"]

1. e4 e5 2. Nf3 d6 3. Bc4 h6 4. O-O Bg4 5. h3 Bxf3 6. Qxf3 Nf6 7. Nc3 c6 8. d3
Be7 9. Rd1 O-O 10. a4 Nbd7 11. b4 a6 12. Be3 b5 13. axb5 cxb5 14. Bd5 Nxd5 15.
Nxd5 Bf6 16. Qg3 Bg5 17. f4 Bh4 18. Qg4 Bf6 19. fxe5 Nxe5 20. Qf4 Nd7 21. d4 Ne5
22. Nxf6+ Qxf6 23. dxe5 dxe5 24. Qxf6 gxf6 25. Bxh6 Rfc8 26. Rd6 Rxc2 27. Rad1
Kh7 28. Be3 Rg8 29. Bf2 Rg6 30. Rxa6 Rc4 31. Rd7 Kg7 32. Raa7 Rxe4 33. Rxf7+ Kh6
34. Rh7+ Kg5 35. Rhg7 Rxg7 36. Rxg7+ Kf5 37. Bc5 Ke6 38. Rb7 Kf5 39. Rxb5 Kf4
40. Bf2 Rc4 41. Rb6 f5 42. b5 e4 43. Rg6 e3 44. Bg3+ Ke4 45. Re6+ Kd3 46. b6 e2
47. Rd6+ Kc2 48. Rd7 f4 49. Bf2 Kb3 50. b7 Rc1+ 51. Kh2 e1=Q 52. Bxe1 Rxe1 53.
b8=Q+ Kc2 54. Qc8+ Kb1 55. Rb7+ Ka1 56. Qa8# 1-0

[Event "Challenge"]
[Site "http://www.queenalice.com/game.php?id=275809"]
[Date "2007.9.23"]
[Round "-"]
[White "Viuva_Negra"]
[Black "elche"]
[Result "0-1"]
[WhiteElo "1609"]
[BlackElo "1594"]

1. e4 c5 2. d4 cxd4 3. Qxd4 Nc6 4. Qe3 e6 5. a3 Nf6 6. h3 d6 7. Bb5 Bd7 8. Bxc6
Bxc6 9. Nc3 Be7 10. Nf3 O-O 11. Bd2 Qb6 12. Qd3 Qxb2 13. O-O Qb6 14. Bg5 e5 15.
Bxf6 Bxf6 16. Qxd6 Rad8 17. Qb4 Qxb4 18. axb4 a6 19. Rab1 b5 20. Ne1 Rd4 21. Nd3
Bxe4 22. Nc5 Bxc2 23. Rb2 Ba4 24. N3xa4 bxa4 25. Nxa4 a5 26. Nc3 Rxb4 27. Rxb4
axb4 28. Nd5 b3 29. Rb1 Rb8 30. Kf1 Bd8 31. Ke2 b2 32. Nc3 Be7 33. Kd2 Ba3 34.
Na4 e4 35. Kc2 Rc8+ 36. Kb3 Rc1 37. Ka2 Rxb1 38. Kxb1 f5 39. Nxb2 Bxb2 40. Kxb2
Kf7 41. Kc2 g5 42. Kd2 h5 43. Ke3 Kf6 44. f3 Ke5 45. g3 exf3 46. Kxf3 h4 47. g4
f4 48. Ke2 Ke4 49. Kf2 f3 50. Kg1 Ke3 51. Kh2 f2 52. Kg2 Ke2 53. Kh2 Kf3 54. Kh1
f1=Q+ 55. Kh2 Qg2# 0-1

[Event "Aracnofobia"]
[Site "http://www.queenalice.com/game.php?id=277758"]
[Date "2007.9.27"]
[Round "-"]
[White "GabrielGabera"]
[Black "Viuva_Negra"]
[Result "1-0"]
[WhiteElo "1835"]
[BlackElo "1658"]

1. e4 e5 2. Nf3 d6 3. d4 exd4 4. Nxd4 h6 5. Bb5+ Bd7 6. O-O Bxb5 7. Nxb5 Nc6 8.
N1c3 a6 9. Nd4 Qd7 10. Nxc6 Qxc6 11. Qd4 Ne7 12. Be3 Qd7 13. Qc4 Nc6 14. Qb3 Rb8
15. Nd5 Be7 16. Bf4 O-O 17. Rad1 Na7 18. e5 Kh8 19. Nxe7 Qxe7 20. exd6 Qd7 21.
dxc7 Qxd1 22. Rxd1 Rbc8 23. Qxb7 Nb5 24. Qxc8 Rxc8 25. Rd8+ Rxd8 26. cxd8=Q+ Kh7
27. c4 Na7 28. Qd7 Nb5 29. cxb5 axb5 30. Qxf7 Kh8 31. Be5 Kh7 32. Qxg7# 1-0

[Event "Challenge"]
[Site "http://www.queenalice.com/game.php?id=281790"]
[Date "2007.10.5"]
[Round "-"]
[White "darkjedi"]
[Black "Viuva_Negra"]
[Result "0-1"]
[WhiteElo "1754"]
[BlackElo "1607"]

1. d4 d5 2. c4 e6 3. Nf3 h6 4. Nc3 Bb4 5. e3 b6 6. Bd3 Ba6 7. cxd5 Qxd5 8. Qa4+
Qc6 9. Qxb4 Bxd3 10. Ne5 Qxg2 11. Nxd3 Qxh1+ 12. Ke2 Nd7 13. Qb5 a6 14. Qa4 Ne7
15. Ne5 b5 16. Nxb5 axb5 17. Qxb5 c6 18. Qb7 Rd8 19. Nxd7 Rxd7 20. Qb8+ Rd8 21.
Qb7 Qxh2 22. Bd2 Qd6 23. Bb4 Qd7 24. Qxd7+ Rxd7 25. Rc1 O-O 26. Bxe7 Rxe7 27.
Rxc6 Ra7 28. a3 Rb8 29. Rc2 Rb5 30. Kd2 e5 31. dxe5 Rxe5 32. f3 Rh5 33. Kd3 Rh3
34. f4 Rd7+ 35. Ke4 Re7+ 36. Kf5 Rhxe3 0-1

[Event "Challenge"]
[Site "http://www.queenalice.com/game.php?id=281791"]
[Date "2007.10.5"]
[Round "-"]
[White "Viuva_Negra"]
[Black "darkjedi"]
[Result "0-1"]
[WhiteElo "1637"]
[BlackElo "1742"]

1. e4 c5 2. d4 cxd4 3. Qxd4 Nc6 4. Qe3 d6 5. Bb5 Qc7 6. Nc3 Bd7 7. a3 Nf6 8. h3
e6 9. Nf3 Be7 10. Qe2 O-O 11. Bf4 a6 12. Bxc6 Bxc6 13. Rd1 e5 14. Bg5 b5 15. b4
Bb7 16. O-O Qxc3 17. Rd3 Qc4 18. c3 Bxe4 19. Re3 Bb7 20. Nd2 Qc6 21. f3 h6 22.
Bh4 Bd8 23. Kh1 Nd5 24. Bxd8 Nxe3 25. Qxe3 Rfxd8 26. Rc1 Rac8 27. Nb3 Qd5 28.
Na5 Ba8 29. Qe2 e4 30. c4 bxc4 31. Nxc4 exf3 32. gxf3 Qxf3+ 33. Qxf3 Bxf3+ 34.
Kh2 Be2 0-1

[Event "Challenge"]
[Site "http://www.queenalice.com/game.php?id=286761"]
[Date "2007.10.15"]
[Round "-"]
[White "Narciso"]
[Black "Viuva_Negra"]
[Result "0-1"]
[WhiteElo "1269"]
[BlackElo "1633"]

1. d3 e5 2. g3 d5 3. Bd2 h6 4. Nf3 Nc6 5. c3 Be7 6. Qb3 Nf6 7. h4 b6 8. Rg1 Be6
9. a4 d4 10. Qc2 a5 11. e3 Bg4 12. Be2 Bc5 13. b4 dxc3 14. Bxc3 Bxb4 15. Bxb4
Nxb4 16. Qb3 O-O 17. Nxe5 Bxe2 18. Kxe2 Qe7 19. d4 Qe8 20. f4 Nc6 21. Qb5 Nxe5
22. Qxe5 Qc6 23. Na3 Rfe8 24. Qf5 Nd5 25. Rac1 Rxe3+ 26. Kd2 Rc3 27. Nc2 Qd6 28.
Rge1 Rc4 29. Ne3 Rxc1 30. Rxc1 Qb4+ 31. Kd1 Nxe3+ 32. Ke2 Nxf5 33. Rxc7 Nxd4+
34. Kd3 Rd8 35. Rc4 Nc6+ 36. Rd4 Qxd4+ 37. Ke2 Qe4+ 38. Kf2 Rd2+ 39. Kg1 Qe1#
0-1

[Event "l love this game"]
[Site "http://www.queenalice.com/game.php?id=286771"]
[Date "2007.10.15"]
[Round "-"]
[White "theblackfox"]
[Black "Viuva_Negra"]
[Result "0-1"]
[WhiteElo "1587"]
[BlackElo "1575"]

1. e4 e5 2. Nf3 d6 3. Bc4 h6 4. O-O Be7 5. d3 Nf6 6. Nc3 c6 7. a4 Bd7 8. b4 Qc8
9. h3 Be6 10. b5 Bxc4 11. dxc4 cxb5 12. axb5 Qxc4 13. Qd2 Nxe4 14. Nxe4 Qxe4 15.
b6 a6 16. Re1 Qc6 17. Qe3 Nd7 18. Ba3 Nxb6 19. g4 Nc4 20. Qb3 O-O 21. h4 Nxa3
22. Rxa3 b5 23. g5 d5 24. Nxe5 Qd6 25. Ng4 Qxa3 26. Qxd5 Rad8 27. Qe5 Bb4 28.
Ra1 Qc3 29. Qxc3 Bxc3 30. Rxa6 hxg5 31. hxg5 Rd1+ 32. Kg2 Re8 33. Rc6 b4 34. g6
fxg6 35. Rxg6 Kh7 36. Rh6+ gxh6 37. Kf3 Rf8+ 38. Ke2 Rd2+ 39. Ke3 Rxc2 40. Kd3
Rcxf2 41. Nxf2 Rxf2 42. Kc4 h5 43. Kd5 b3 44. Kc4 b2 45. Kxc3 b1=Q 46. Kd4 Qd1+
47. Ke4 Re2+ 48. Kf5 Qf1+ 49. Kg5 Rg2+ 50. Kh4 Qh1# 0-1

[Event "Challenge"]
[Site "http://www.queenalice.com/game.php?id=287557"]
[Date "2007.10.16"]
[Round "-"]
[White "ronaldoteixeira7"]
[Black "Viuva_Negra"]
[Result "1-0"]
[WhiteElo "1636"]
[BlackElo "1624"]

1. e4 e5 2. d4 exd4 3. Qxd4 d6 4. Nc3 a6 5. Nf3 Nc6 6. Qd1 h6 7. Be3 Be7 8. Bc4
Bf6 9. Qd2 Qe7 10. Bd3 Be5 11. Nxe5 dxe5 12. O-O-O Be6 13. Nd5 Bxd5 14. exd5 Nb4
15. Bc4 O-O-O 16. Rhe1 Nf6 17. f4 Ne4 18. Qe2 f6 19. a3 Nxc2 20. Qxc2 Nd6 21.
Bc5 Qd7 22. Bxd6 Qxd6 23. fxe5 fxe5 24. Qf5+ Kb8 25. Qxe5 Qc5 26. Qd4 Qxd4 27.
Rxd4 Ka7 28. Re7 Kb6 29. b4 Rhf8 30. Rxg7 Rf2 31. a4 c6 32. a5+ Ka7 33. d6 Kb8
34. Bf7 Rf8 35. d7 R2xf7 36. Rxf7 Rxf7 37. d8=Q+ Ka7 38. Qb6+ Kb8 39. Rd8# 1-0

[Event "Challenge"]
[Site "http://www.queenalice.com/game.php?id=288799"]
[Date "2007.10.18"]
[Round "-"]
[White "jpot2503"]
[Black "Viuva_Negra"]
[Result "1-0"]
[WhiteElo "1728"]
[BlackElo "1593"]

1. d4 d5 2. c4 c6 3. Nf3 e6 4. Nc3 Bb4 5. Qb3 Na6 6. e3 Nf6 7. cxd5 exd5 8. Bxa6
Bxc3+ 9. Qxc3 Ne4 10. Qc2 Qa5+ 11. Nd2 Nxd2 12. Bxd2 Qxa6 13. Bb4 Qb6 14. Ba3
Bd7 15. O-O O-O-O 16. Bc5 Qa6 17. Rfe1 b6 18. Bd6 Be8 19. Be7 Rd7 20. Qxc6+ Rc7
21. Qa8+ Kd7 22. Qxd5+ Kxe7 23. Qe5+ Kd8 24. Rec1 Bc6 25. d5 Re8 26. Qd6+ Rd7
27. Qxc6 Qb7 28. Qxb7 Rxb7 29. Re1 Rd7 30. e4 Kc8 31. f4 f6 32. g4 h6 33. Rac1+
Kb7 34. h4 Rf7 35. Kg2 g5 36. hxg5 hxg5 37. fxg5 fxg5 38. e5 Rf4 39. Kg3 Rd4 40.
d6 Rd5 41. Rc7+ Ka6 42. Re7 Rd3+ 43. Kf2 Rf8+ 44. Kg2 Rf4 45. Re2 Rxg4+ 46. Kf1
Rf4+ 47. Rf2 Rd1+ 48. Ke2 Rfd4 49. d7 Rxd7 50. Rxd7 Rxd7 51. Rg2 Rg7 52. Kd3 g4
53. Ke4 Kb7 54. Kf4 Kc7 55. Rxg4 1-0

[Event "Challenge"]
[Site "http://www.queenalice.com/game.php?id=289415"]
[Date "2007.10.19"]
[Round "-"]
[White "Narciso"]
[Black "Viuva_Negra"]
[Result "0-1"]
[WhiteElo "1258"]
[BlackElo "1646"]

1. d3 d5 2. a3 e5 3. g3 Bd7 4. Bg2 Bc6 5. Nd2 Qd7 6. Ngf3 Bd6 7. c3 Nf6 8. Qb3
O-O 9. O-O Qe8 10. Re1 e4 11. dxe4 dxe4 12. Nh4 Bd5 13. e3 Bxb3 14. Nf5 Be6 15.
Nd4 a6 16. Nxe4 Nxe4 17. b4 Bd5 18. Rb1 Nxc3 19. Rb2 Bxg2 20. Kxg2 Nc6 21. Bd2
Na4 22. Rc2 Nxd4 23. Rc4 Nb3 24. Bc3 Nb6 25. Rg4 Be5 26. f4 Bxc3 27. Re2 Qe4+
28. Kf2 Nc1 29. h3 Nxe2 30. Kxe2 Qg2+ 31. Kd3 Qd2+ 32. Ke4 Rfe8+ 33. Kf5 Qd5#
0-1

[Event "Challenge"]
[Site "http://www.queenalice.com/game.php?id=293498"]
[Date "2007.10.26"]
[Round "-"]
[White "theblackfox"]
[Black "Viuva_Negra"]
[Result "1-0"]
[WhiteElo "1584"]
[BlackElo "1647"]

1. e4 e5 2. Nf3 d6 3. Bc4 h6 4. O-O Be7 5. Nc3 Bd7 6. d4 c6 7. dxe5 Bg4 8. exd6
Bxd6 9. g3 Nf6 10. Qe1 Bxf3 11. e5 O-O 12. exf6 Qxf6 13. Ne4 Bxe4 14. Qxe4 Nd7
15. a4 Nc5 16. Qg4 a6 17. Re1 Rad8 18. Bd2 1-0

[Event "Challenge"]
[Site "http://www.queenalice.com/game.php?id=293499"]
[Date "2007.10.26"]
[Round "-"]
[White "Viuva_Negra"]
[Black "theblackfox"]
[Result "0-1"]
[WhiteElo "1618"]
[BlackElo "1603"]

1. d4 g6 2. e3 Bg7 3. Bd2 d5 4. Bc3 Nf6 5. g3 O-O 6. Bg2 Nc6 7. Nh3 Bf5 8. O-O
Ne4 9. Nd2 a5 10. Nxe4 Bxe4 11. f3 Bf5 12. e4 dxe4 13. fxe4 Bxh3 14. Bxh3 Nxd4
15. Bxd4 Bxd4+ 16. Kh1 a4 17. c3 Bg7 18. a3 Qb8 0-1

[Event "Challenge"]
[Site "http://www.queenalice.com/game.php?id=299818"]
[Date "2007.11.7"]
[Round "-"]
[White "Narciso"]
[Black "Viuva_Negra"]
[Result "0-1"]
[WhiteElo "1320"]
[BlackElo "1581"]

1. d3 d5 2. e3 c6 3. Nf3 Bg4 4. Be2 Bxf3 5. gxf3 e6 6. Rg1 Nf6 7. Nc3 Bb4 8. a3
Bxc3+ 9. bxc3 O-O 10. Bd2 Qd6 11. d4 Qxh2 12. Rf1 Nbd7 13. Bd3 e5 14. f4 e4 15.
Be2 Qh3 16. Qb1 b5 17. Ra2 a6 18. Qb2 Nb6 19. Qb4 Qd7 20. Rg1 a5 21. Qc5 Na4 22.
Bg4 Nxg4 23. Rh1 Nxc5 24. dxc5 Qe7 25. Rg1 Nh6 26. Ke2 Qxc5 27. Rg2 Qc4+ 28. Ke1
Qxa2 29. Kd1 Qc4 30. a4 Qf1+ 31. Be1 Qxg2 0-1

[Event "Challenge"]
[Site "http://www.queenalice.com/game.php?id=317390"]
[Date "2007.12.9"]
[Round "-"]
[White "Narciso"]
[Black "Viuva_Negra"]
[Result "0-1"]
[WhiteElo "1307"]
[BlackElo "1588"]

1. e3 d5 2. Qf3 e6 3. g3 c5 4. Bb5+ Bd7 5. Bxd7+ Qxd7 6. Ne2 c4 7. c3 Nf6 8. h4
Nc6 9. O-O Bd6 10. b4 Ne5 11. Qf4 Nd3 12. Qd4 Be5 13. Qxe5 Nxe5 14. f4 Nd3 15.
Ba3 O-O 16. Nd4 Rfe8 17. b5 e5 18. h5 exd4 19. exd4 Nxh5 20. Bb4 Nxb4 21. cxb4
Nxg3 22. Rf3 Ne2+ 23. Kf1 Nc1 24. Nc3 Nd3 25. a3 Qg4 26. Rxd3 cxd3 27. Nxd5 Qf3+
28. Kg1 Qxd5 29. Rc1 Qxd4+ 30. Kf1 Qxf4+ 31. Kg1 Re2 32. Rf1 Qg3+ 33. Kh1 Qh2#
0-1

[Event "Challenge"]
[Site "http://www.queenalice.com/game.php?id=357313"]
[Date "2008.2.19"]
[Round "-"]
[White "Narciso"]
[Black "Viuva_Negra"]
[Result "0-1"]
[WhiteElo "1419"]
[BlackElo "1582"]

1. e4 e5 2. f3 d6 3. Bc4 Qe7 4. d3 f5 5. Nh3 f4 6. O-O Bxh3 7. gxh3 Qg5+ 8. Kf2
Qh4+ 9. Ke2 Qxh3 10. Bd5 Nc6 11. c3 Nf6 12. Bxc6+ bxc6 13. Na3 Be7 14. b4 O-O
15. Bb2 Qxh2+ 16. Ke1 Nd7 17. Qe2 Qh4+ 18. Kd1 Nb6 19. Kc2 a6 20. Rh1 Qf6 21.
Rh2 a5 22. Nc4 axb4 23. Nxb6 cxb6 24. cxb4 b5 25. a3 Rfc8 26. Rah1 h6 27. Rg2 c5
28. Rhg1 cxb4+ 29. Kb3 g5 30. axb4 Qe6# 0-1

[Event "Challenge"]
[Site "http://www.queenalice.com/game.php?id=385272"]
[Date "2008.4.10"]
[Round "-"]
[White "Andromaca"]
[Black "Viuva_Negra"]
[Result "1-0"]
[WhiteElo "1743"]
[BlackElo "1581"]

1. d4 d5 2. e3 e6 3. Nf3 c5 4. c3 c4 5. Be2 h6 6. O-O Be7 7. b3 b5 8. b4 Bb7 9.
Ne5 Nd7 10. f4 Qc7 11. a4 Ba6 12. a5 Nxe5 13. fxe5 O-O-O 14. Rxf7 Qc6 15. Rxg7
h5 16. Bf3 1-0

[Event "Challenge"]
[Site "http://www.queenalice.com/game.php?id=385273"]
[Date "2008.4.10"]
[Round "-"]
[White "Viuva_Negra"]
[Black "Andromaca"]
[Result "0-1"]
[WhiteElo "1591"]
[BlackElo "1733"]

1. d4 d5 2. e3 e6 3. c4 c6 4. c5 Nf6 5. Nc3 Be7 6. h3 Nbd7 7. Nf3 b5 8. b4 O-O
9. Bd3 a5 10. Ba3 a4 11. Ne5 Nxe5 12. Bc2 Nc4 13. Bc1 Qc7 14. a3 e5 15. Ne2 e4
0-1